UBT Library

EXCEPTIONAL LEARNERS (Record no. 29383)

000 -LEADER
fixed length control field 00262nam a22001217a 4500
008 - FIXED-LENGTH DATA ELEMENTS--GENERAL INFORMATION
fixed length control field 170923b xxu||||| |||| 00| 0 eng d
041 ## - LANGUAGE CODE
Language code of text/sound track or separate title eng
080 ## - UNIVERSAL DECIMAL CLASSIFICATION NUMBER
Universal Decimal Classification number 37
100 ## - Rafti
Rafti 46
101 ## - Shkurtesa
Shkurtesa EDU
245 ## - TITLE STATEMENT
Title EXCEPTIONAL LEARNERS
Statement of responsibility, etc HALLAHAN, D.P
942 ## - ADDED ENTRY ELEMENTS (KOHA)
Source of classification or shelving scheme
Item type Books
Holdings
Withdrawn status Lost status Damaged status Not for loan Date acquired Total Checkouts Date last seen Price effective from Koha item type
        09/23/2017   09/23/2017 09/23/2017 Books
        09/23/2017   09/23/2017 09/23/2017 Books
UBT Library © 2015-2024. All rights reserved University Education for Business and Technology